00311nam a2200121Ia 4500008004100000041000800041082001500049100001800064245003100082260004000113300001900153999001700172241015s9999 xx 000 0 und d aeng a658.300 BE aBell/ Leopold aDiversity In Organizations bCengage Learning IndiaaDehlic2022 a511;. P. 27 cm c41789d41789